History of budhism in assam: (Record no. 122596)

MARC details
000 -LEADER
fixed length control field 00785nam a22002537a 4500
005 - DATE AND TIME OF LATEST TRANSACTION
control field 20170124105913.0
010 ## - LIBRARY OF CONGRESS CONTROL NUMBER
LC control number A-710107
020 ## - INTERNATIONAL STANDARD BOOK NUMBER
Terms of availability 00
International Standard Book Number 8170340624
035 ## - SYSTEM CONTROL NUMBER
System control number A-710107
037 ## - SOURCE OF ACQUISITION
Source of stock number/acquisition Cen Lib/Ret
040 ## - CATALOGING SOURCE
Original cataloging agency DPL
Language of cataloging EN
082 ## - DEWEY DECIMAL CLASSIFICATION NUMBER
Classification number 250
100 ## - MAIN ENTRY--PERSONAL NAME
Personal name Sasanananda, S.
9 (RLIN) 1066
245 ## - TITLE STATEMENT
Title History of budhism in assam:
Statement of responsibility, etc by S. Sasanananda
Remainder of title (c.300 B. C. - 1200 A.D.) /
246 ## - VARYING FORM OF TITLE
Remainder of title
260 ## - PUBLICATION, DISTRIBUTION, ETC. (IMPRINT)
Name of publisher, distributor, etc Bahri Publications
Date of publication, distribution, etc 1986
Place of publication, distribution, etc New Delhi
270 ## - ADDRESS
Address 57, sant nagar
City New Delhi
300 ## - PHYSICAL DESCRIPTION
Extent viii, 264p.
Dimensions 20cm(Hb)
490 ## - SERIES STATEMENT
Series statement Series in indian history, artand culture
Volume number/sequential designation 3
500 ## - GENERAL NOTE
General note includes bibliographical references and index
650 ## - SUBJECT ADDED ENTRY--TOPICAL TERM
Topical term or geographic name as entry element History
Form subdivision Art & Culture
Geographic subdivision Assam
9 (RLIN) 1067
650 ## - SUBJECT ADDED ENTRY--TOPICAL TERM
Topical term or geographic name as entry element Buddhism
9 (RLIN) 1068
942 ## - ADDED ENTRY ELEMENTS (KOHA)
Source of classification or shelving scheme Dewey Decimal Classification
Koha item type English Books
Classification part 250
Call number suffix SAS
Holdings
Withdrawn status Lost status Damaged status Not for loan Collection code Home library Current library Date acquired Source of acquisition Cost, normal purchase price Total Checkouts Full call number Barcode Date last seen Copy number Cost, replacement price Price effective from Koha item type
      Not For Loan Reference Central Library Central Library 28/05/2015 Cen Lib/Ret 0.00   250 SAS A-710107 28/05/2015 1 0.00 28/05/2015 English Books

© Delhi Public Library
Hit Counter
free hit counter